UM Logo
Normal view MARC view
  • Vu, Huu-Cong.

Entry Personal Name

Number of records used in: 1

001 - CONTROL NUMBER

  • control field: 51271

003 - CONTROL NUMBER IDENTIFIER

  • control field: OSt

005 - DATE AND TIME OF LATEST TRANSACTION

  • control field: 20240202125129.0

008 - FIXED-LENGTH DATA ELEMENTS

  • fixed length control field: 240202|| aca||aabn | a|a d

040 ## - CATALOGING SOURCE

  • Original cataloging agency: OSt
  • Transcribing agency: OSt

100 ## - HEADING--PERSONAL NAME

  • Personal name: Vu, Huu-Cong.
  • Relator term: author.

670 ## - SOURCE DATA FOUND

  • Source citation: Work cat.: (OSt): Vu, Huu-Cong. author., Simple MPCC strategy for three-level sparse five-phase VSI to suppress current harmonics with balanced neutral-point voltage /, January 2022.